000 00864nam a2200217Ia 4500
003 GCL
008 140319s9999 xx 000 0 ara d
020 _a276801487
040 _aGCL /
_cGCL
082 0 4 _a323.1951
_bم خ
100 1 _aمكتب الاعلام التابع لمجلس الدولة لجمهورية الصين الشعبية
245 1 0 _aخمسون عاما من تقدم حقوق الانسان بالصين /
_cمكتب الاعلام التابع لمجلس الدولة لجمهورية الصين الشعبية
250 _aالاولى
260 _aالصين :
_bدار النجم الجديد ،
_c2000
300 _a52ص ؛
_c17سم
650 0 4 _aالحقوق السياسية
650 0 4 _aحقوق الانسان
650 0 4 _aالحقوق المدنية
650 0 4 _aحقوق الانسان - الصين
942 _2ddc
_cBK
999 _c7567
_d7567